Companion to Shakespear studies / (Record no. 846)
[ view plain ]
| 000 -LEADER | |
|---|---|
| fixed length control field | 00402cam a2200145ua 4500 |
| 041 ## - LANGUAGE CODE | |
| Language code of text/sound track or separate title | eng |
| 082 ## - DEWEY DECIMAL CLASSIFICATION NUMBER | |
| Classification number | 823.09 |
| Item number | BAR/CO |
| 100 ## - MAIN ENTRY--AUTHOR NAME | |
| Personal name | Barker, Herley Granville . |
| 245 00 - TITLE STATEMENT | |
| Title | Companion to Shakespear studies / |
| 260 ## - PUBLICATION, DISTRIBUTION, ETC. (IMPRINT) | |
| Place of publication | London : |
| Name of publisher | Cambridge at the University Press , |
| Year of publication | 1966. |
| 300 ## - PHYSICAL DESCRIPTION | |
| Number of Pages | 408 ; . |
| 942 ## - ADDED ENTRY ELEMENTS (KOHA) | |
| Koha item type | Books |
| Withdrawn status | Lost status | Damaged status | Home library | Current library | Date acquired | Full call number | Accession Number | Koha item type |
|---|---|---|---|---|---|---|---|---|
| Withdrawn | KAUAET | Sanskrit University | 07/04/2012 | 823.09 | 11637 | Books |
